000
00343 a2200157 4500
001
159654
020
_a
040
_c
Magnum
100
_a
Houaiss, Antonio
240
1
0
_a
Dicionario ingles-portugues
_l
ING
245
1
0
_a
Dicionario ingles-portugues
362
0
_a
1899
440
1
_a
Record
697
_a
MAGNITO: DICIONARIOS
942
_c
BK
999
_c
159654
_d
159654